00730nam a2200193 a 4500008004100000020001500041050001800056100002100074245006500095250001200160260004000172300002000212350000900232650002600241650002500267995009300292999001700385952013400402120416s1987 ||||||||||||||||| || u a0471808067 aTK 7888.3 Hil aHill, Fredrick J10aDigital systems: hardware organization and design. (3rd ed.) a3rd. ed aNew YorkbJohn Wiley and Sonsc1987 axi, 601p. : ill a0.00 0aCOMPUTER ARCHITECTURE 0aCOMPUTER ENGINEERING D0.00FCBU-MAIN LIBRARY (Kitwe)H1I58.00UAVAILABLEZMain Library Open Access Collection c40196d40196 00102lcc4070a001b001cMain Library Open Access Collectiond2022-11-30l0oTK 7888.3 Hilp017092r2022-11-30w2022-11-30y002